=LDR 00000nam 2200000 4500 =001 INLIS000000000028819 =005 20200921083703 =035 ##$$a 0010-061300000028819 =008 200921################g##########0#ind## =041 ##$$a Ind =082 ##$$a 304.66 =090 ##$$a 304.66, Tut j =100 ##$$a Tutuka,Fx. G =245 1#$$a Jalan berliku : $b Rkyat yaang terlupakan /$c Fx. G. Tutuka =260 ##$$a Jakarta :$b Yayasan Pancur Siwah,$c 2004 =300 ##$$a vi, 200 hlm ; $c 21 x 14,5 cm. =650 #4$$a Politik kependudukan-Indonesia =850 ##$$a NBPNMAT =020 ##$$a 979-98252-2-9 =084 ##$$a 304.66 TUT j =250 ##$$a cet. 1 =990 ##$$a 30500049